[Event "Linares 21st"]
[Site "Linares"]
[Date "2004.03.02"]
[Round "11"]
[White "Leko, Peter"]
[Black "Kramnik, Vladimir"]
[Result "0-1"]
[WhiteElo "2722"]
[BlackElo "2777"]
[Annotator "Rogozenco,D"]
[PlyCount "72"]
[EventDate "2004.02.19"]
[EventType "tourn"]
[EventRounds "14"]
[EventCountry "ESP"]
[EventCategory "20"]
[SourceTitle "CBM 100"]
[Source "ChessBase"]
[SourceDate "2004.06.01"]
[SourceVersion "1"]
[SourceVersionDate "2004.06.01"]
[SourceQuality "1"]

1. e4 c5 2. Nf3 Nc6 3. d4 cxd4 4. Nxd4 Nf6 5. Nc3 e5 6. Ndb5 d6 7. Bg5 a6 8.
Na3 b5 9. Bxf6 gxf6 10. Nd5 f5 11. Bd3 Be6 12. O-O Bxd5 13. exd5 Ne7 14. Qh5 e4
15. Be2 Bg7 16. c3 Rc8 $146 {In this concrete situation this move is a novelty.
Kramnik transfers the rook to c5 before castling.} (16... O-O 17. Nc2 Rc8 (
17... f4 18. Qg5 {is the main line, where White keeps a slight plus}) 18. Ne3 (
18. Rad1 Rc5 19. Ne3 f4 20. Nf5 Ng6 21. Rfe1 Re8 22. f3 e3 23. Bd3 $14 {
/= 1/2-1/2 Shirov,A-Grischuk,A/Cap d'Agde 2003 (47).}) 18... f4 19. Nf5 Ng6 (
19... Rc5 {would transpose to the Leko-Kramnik game!}) 20. f3 e3 21. g3 b4 {
and Black had good play in Sadvakasov,D-Eljanov,P/Kharkov 2003.}) (16... b4 {
is an old move first played by Sveshnikov in 1982 and then rediscovered by
Leko in 2003. There are just two games available with it.}) 17. Nc2 Rc5 18. Ne3
(18. Rad1 $2 Nxd5) (18. f3 {The plan with f3 is less impressive when the
bishop left the diagonal b1-h7.} O-O 19. fxe4 fxe4 20. Ne3 Qb6 21. Kh1 Rxc3 22.
bxc3 Qxe3 $13) 18... f4 19. Nf5 O-O (19... Nxf5 $2 20. Qxf5 $16) 20. a4 $14 (
20. Rad1 Ng6 {transposes to Shirov-Grischuk, given above.}) 20... Nxf5 (20...
b4 21. cxb4 Rc2 22. Bxa6 $16) (20... Nxd5 {this is risky, but not entirely
clear:} 21. b4 (21. axb5 Qf6 $1 $13 {[%cal Gf4f3]}) 21... Rxc3 22. Nxg7 f3 23.
Nf5 Qf6 $44) 21. Qxf5 Qe7 22. axb5 axb5 23. Qxf4 Rxd5 24. Rfd1 {White is
better thanks to weaknesses in Black's pawn structure. Even if the position
has drawish tendencies, Blac's task might be unpleasant. The only chance for
Black to avoid a long suffering is to create some counterplay on the kingside.}
Re5 (24... Rxd1+ 25. Rxd1 b4 26. cxb4 $14 Be5 27. Qf5 Bxb2 28. b5 $16) 25. Qe3
{After a long thought Leko comes with an interesting plan. He allows Black to
have the initiative on the kingside, but considers that it won't fully
compensate the loss of a pawn.} (25. Ra6 $5) 25... f5 26. Qb6 {The logical
follow-up of the previous move.} f4 27. Qxd6 Qg5 28. f3 e3 29. Ra7 Kh8 30. Qd7
$2 {The completely wrong plan, missing some counterplay ideas.} (30. Rd7 $1 {
[%csl Rh7][%cal Ge2d3,Gd7h7]} Rg8 31. Bd3 {It is not easy for Black to create
counterplay as long as White keeps pressure on pawn h7. Besides, White is very
well centralized and keeps everything under control. Everywhere the position
is close to draw, but the same thing - Black faces unpleasant defence. However,
according to Kramnik Black always had a good position in the game.} e2 (31...
Qh4 $2 32. Rxg7 $18 {[%csl Re5]}) 32. Re1 Qh4 33. Rxe2 Rxe2 34. Bxe2 Qe1+ 35.
Bf1 Qe3+ 36. Kh1 Qf2 37. Qd3 Qxb2 38. Rc7 $16) 30... Rg8 31. Qh3 $2 {A
terrible mistake, which unexpectedly completely changes the evaluation from
slightly better to almost lost.} (31. Kh1 {was necessary. Then the postion is
unclear:} Qg6 32. Bd3 Qh5 $13 {[%cal Ge3e2]}) 31... Qg6 $1 {[%cal Gg6c2] Now
suddenly Black obtains a strong initiative. It turns out that the queen on h3
is not stable (Black has ...Rh5), while the weaknesses of the light squares on
the queenside can be exploited by Black.} 32. Rad7 {Black wins by force after
this, but the position was difficult anyway.} (32. Bd3 e2 $19) (32. Rd3 Rh5 33.
Qg4 Rg5 34. Qh3 Bf8 $19) (32. Kh1 Qc2 (32... Rh5 33. Qg4 Rg5 34. Qh3 Bf8 35.
Bd3) 33. Re1 Rd5 $17 {[%cal Gd5d2]}) (32. Raa1 Rh5 (32... Qc2 33. Bd3 Qf2+ 34.
Kh1 h6 35. Ra6 h5 36. Bf5 h4 37. Qg4 $18) 33. Rd6 Bf6 34. Rxf6 Rxh3 35. Rxg6
Rxg6 36. Ra8+ Kg7 37. Ra7+ Kf8 (37... Kh6 38. Bd3 Rxf3 $140 39. Bxg6 e2 40. Ra1
) 38. Ra8+ Ke7 39. Ra7+ Kd8 $17) (32. Rc1 Rh5 33. Ra6 Bf6 34. Rxf6 Rxh3 35.
Rxg6 Rxg6 $17) (32. Re1 Rh5 33. Ra6 Bf6 34. Rxf6 Rxh3 35. Rxg6 Rxg6 36. Bxb5
Rxf3 $17) 32... Rh5 $19 33. R7d6 (33. Qg4 Rg5 34. Qh3 Bf8 35. Bf1 e2 $19) 33...
Bf6 34. Rxf6 Qc2 $1 35. Qxh5 Qxe2 36. g4 Qf2+ 0-1

[Event "Amber-blindfold 13th"]
[Site "Monte Carlo"]
[Date "2004.03.31"]
[Round "10"]
[White "Kramnik, Vladimir"]
[Black "Svidler, Peter"]
[Result "1-0"]
[WhiteElo "2777"]
[BlackElo "2747"]
[PlyCount "85"]
[EventDate "2004.03.20"]
[EventType "tourn (rapid)"]
[EventRounds "11"]
[EventCountry "MNC"]
[EventCategory "19"]
[SourceTitle "CBM 099 Extra"]
[Source "ChessBase"]
[SourceDate "2004.05.04"]
[SourceVersion "1"]
[SourceVersionDate "2004.05.04"]
[SourceQuality "1"]

1. e4 c5 2. Nf3 e6 3. d4 cxd4 4. Nxd4 a6 5. c4 Nf6 6. Nc3 Bb4 7. Bd3 Nc6 8.
Nde2 O-O 9. O-O Ne5 10. Bf4 d6 11. h3 Bd7 12. a3 Bc5 13. b4 Ba7 14. c5 Bb8 15.
Bxe5 dxe5 16. Nc1 b6 17. Nb3 Ba7 18. Bxa6 bxc5 19. bxc5 Qe7 20. Rc1 Bc6 21. Qe2
Rab8 22. Bb5 Bxe4 23. Nxe4 Nxe4 24. Na5 Bxc5 25. Nc6 Qg5 26. Qxe4 Rxb5 27. h4
Qd2 28. Qc4 Bxa3 29. Qxb5 Bxc1 30. Qc5 Bb2 31. Ne7+ Kh8 32. Ng6+ hxg6 33. Qxf8+
Kh7 34. Qxf7 Bd4 35. Qxe6 Qf4 36. Qh3 e4 37. g4 Bc5 38. h5 g5 39. Qg2 Bd4 40.
Re1 e3 41. fxe3 Bxe3+ 42. Kh1 Qc4 43. Rxe3 1-0

[Event "Amber-rapid 13th"]
[Site "Monte Carlo"]
[Date "2004.03.31"]
[Round "10"]
[White "Svidler, Peter"]
[Black "Kramnik, Vladimir"]
[Result "1-0"]
[WhiteElo "2747"]
[BlackElo "2777"]
[PlyCount "122"]
[EventDate "2004.03.20"]
[EventType "tourn (rapid)"]
[EventRounds "11"]
[EventCountry "MNC"]
[EventCategory "19"]
[SourceTitle "CBM 099 Extra"]
[Source "ChessBase"]
[SourceDate "2004.05.04"]
[SourceVersion "1"]
[SourceVersionDate "2004.05.04"]
[SourceQuality "1"]

1. e4 e5 2. Nf3 Nc6 3. Bb5 Nf6 4. d3 Bc5 5. O-O d6 6. Nc3 O-O 7. Na4 Nd4 8.
Nxc5 Nxb5 9. a4 Nd4 10. Nxd4 dxc5 11. Nb5 Ne8 12. f4 c6 13. Nc3 exf4 14. Bxf4
Nc7 15. Be3 Ne6 16. Ne2 Nd4 17. Bxd4 cxd4 18. Qe1 Qd6 19. Qh4 Qe5 20. Rf3 Bd7
21. Raf1 c5 22. b3 Rae8 23. Nf4 f6 24. Nh5 Rf7 25. Ng3 Qd6 26. Nf5 Bxf5 27.
Rxf5 Rfe7 28. Rh5 h6 29. Qg4 Kh8 30. Qg6 b6 31. Rxf6 Qxf6 32. Rxh6+ gxh6 33.
Qxf6+ Kh7 34. a5 Rb7 35. axb6 axb6 36. h3 Ree7 37. e5 Rf7 38. Qd6 Rfd7 39. Qc6
Re7 40. Qe4+ Kg7 41. Qg4+ Kf7 42. Qf5+ Kg7 43. Kh2 Rf7 44. Qg4+ Kh7 45. e6 Rg7
46. Qf5+ Kg8 47. g4 Rbe7 48. Qf6 Kh7 49. Kg3 Re8 50. Kf4 Reg8 51. Ke5 Rg5+ 52.
Kd6 R5g6 53. Qf5 R8g7 54. Kd5 Re7 55. h4 Kg7 56. Kd6 Ra7 57. g5 h5 58. Qf3 b5
59. Qc6 c4 60. Qb6 Rf7 61. Qxd4+ Kh7 1-0

[Event "Bonn sim"]
[Site "Bonn"]
[Date "2004.05.02"]
[Round "1"]
[White "Kramnik, Vladimir"]
[Black "Schulze, Michael"]
[Result "1/2-1/2"]
[WhiteElo "2764"]
[BlackElo "2035"]
[PlyCount "100"]
[EventDate "2004.05.02"]
[EventType "simul"]
[EventRounds "1"]
[EventCountry "GER"]
[SourceTitle "CBM 100 Extra"]
[Source "ChessBase"]
[SourceDate "2004.07.06"]
[SourceVersion "2"]
[SourceVersionDate "2004.07.06"]
[SourceQuality "1"]

1. e4 e5 2. Nf3 Nf6 3. Nxe5 d6 4. Nf3 Nxe4 5. d4 d5 6. Bd3 Be7 7. O-O Be6 8.
Re1 f5 9. Ne5 Bf7 10. Nxf7 Kxf7 11. f3 Nd6 12. c3 c6 13. Bf4 Qd7 14. Nd2 Rf8
15. Qe2 g6 16. Qf2 Na6 17. Bxa6 bxa6 18. Nb3 Nc4 19. Nc1 g5 20. Be5 Nxe5 21.
Rxe5 Bd6 22. Nd3 Kg7 23. Re2 Rae8 24. Rae1 Rxe2 25. Qxe2 Qc7 26. g3 Rf7 27. Kg2
Re7 28. Qd1 Kf6 29. Rxe7 Qxe7 30. Qe1 Qxe1 31. Nxe1 c5 32. dxc5 Bxc5 33. Nd3
Bd6 34. g4 a5 35. a4 f4 36. Kf1 Ke6 37. Ke2 Kd7 38. Nc1 Bc5 39. Nb3 Bb6 40. Kd3
Kc6 41. Nd4+ Kd6 42. Nc2 Kc5 43. Na1 Kc6 44. h3 Kc5 45. b4+ axb4 46. Nb3+ Kc6
47. cxb4 a6 48. Nd4+ Kd6 49. Nc2 Kc6 50. Nd4+ Kd6 1/2-1/2

[Event "Dortmund-B playoff"]
[Site "Dortmund"]
[Date "2004.07.27"]
[Round "3"]
[White "Kramnik, Vladimir"]
[Black "Karjakin, Sergey"]
[Result "1-0"]
[WhiteElo "2770"]
[BlackElo "2591"]
[Annotator "Huzman,A"]
[PlyCount "125"]
[EventDate "2004.07.27"]
[EventType "tourn (blitz)"]
[EventRounds "6"]
[EventCountry "GER"]
[EventCategory "18"]
[SourceTitle "CBM 103"]
[Source "ChessBase"]
[SourceDate "2004.11.11"]
[SourceVersion "1"]
[SourceVersionDate "2004.11.11"]
[SourceQuality "1"]

1. d4 d5 2. Nf3 Nf6 3. c4 dxc4 4. e3 e6 5. Bxc4 a6 6. O-O c5 7. dxc5 Bxc5 8.
Qxd8+ Kxd8 9. Be2 Ke7 10. b3 b6 11. Ne5 Bb7 12. Nd2 {/\13.Nd3 Bd6 14.Nc4+/-}
Ne4 13. Nxe4 Bxe4 14. Bb2 f6 15. Nd3 Bxd3 16. Bxd3 $14 Nd7 17. Rfd1 a5 18. Kf1
h6 19. Ke2 Rhd8 20. Bb5 Nf8 21. f4 Rxd1 22. Rxd1 Rd8 23. Rc1 Nd7 24. a3 g5 25.
g3 f5 26. Rc4 {[%cal Gb3b4]} gxf4 27. Rxf4 (27. exf4 Nf6 28. b4 axb4 29. axb4
Bd6 30. Bc6 b5 $1 $11) (27. gxf4 Rg8 28. Kf3 Rg1 $132) 27... Nf6 28. Rh4 h5 (
28... Ne4 29. Bd3 Nf2 $1 30. Bc2 Ng4 31. e4 Ne3 32. Bd3 (32. Bb1 Rd1 33. Bd3
Rg1 $132) 32... Nd1 33. Be5 Nf2 $1 $132) 29. b4 axb4 30. axb4 Bd6 31. Bc6 Ng4
$2 (31... e5 $5 32. Rc4 Ke6 33. Bb7 b5 34. Rc8 Rd7 35. Bc6 Ra7 36. Bxb5 Rb7 $11
) 32. Rxh5 $2 (32. b5 $1 Be5 (32... Bc5 33. Rxh5 Nxe3 34. Rh7+ Kf8 35. Bf6 Rb8
36. Be5 Rd8 37. Bf4 $18) (32... Bb4 33. Bc1 $18 {[%csl Rh5]}) 33. Ba3+ Bd6 34.
Bxd6+ Rxd6 35. Rxh5 $16) 32... Bxb4 33. Rh7+ Kd6 34. Bb5 Bc5 (34... Ra8 $1 35.
Bc4 (35. Rd7+ Kc5 36. Bd3 Nxh2 $17) 35... b5 36. Bb3 Bc5 $17) 35. h3 Ne5 (35...
Nxe3 36. Bf6 $1 $16 {[%cal Gf6e7]}) 36. Ra7 Rg8 37. Kf2 Rh8 (37... Bxe3+ $6 38.
Kxe3 Rxg3+ 39. Kd4 Nf3+ 40. Ke3 Ne5+ 41. Kd2 Rxh3 $13) (37... Kd5 38. Ra1 Ke4
39. Ra4+ Kd5 40. Bf1 $14) 38. Ra1 $2 (38. Bf1 $142 $14) (38. Rd7+ Nxd7 39. Bxh8
$14) 38... Kd5 $2 (38... Ng4+ $1 39. hxg4 Rh2+ 40. Kf3 Rxb2 $17) 39. Bf1 (39.
Rd1+ Ke4 40. Ba4 $1 Nd3+ 41. Rxd3 Rxh3 42. Rb3 $1 $18) 39... Bd6 40. Bg2+ (40.
Rc1 $1 Bb8 41. Ba3 $1 Ke4 42. Rd1 $18) 40... Kc4 41. Rd1 Bb8 42. Bf1+ Kb3 43.
Bd4 Rc8 44. Rb1+ Ka2 45. Rb2+ (45. Rxb6 Rc2+ 46. Ke1 Nf3+ 47. Kd1 Rc8 48. Ba6
$1 Rd8 49. Bc4+ Ka3 50. Bxe6 $16) 45... Ka3 46. Rxb6 Rc2+ 47. Be2 (47. Ke1 $5
Bc7 48. Ra6+ Kb4 49. Kd1 Rf2 50. Be2 $16) 47... Nd3+ $2 (47... Nc6 48. Bg7 Bc7
49. Ra6+ Kb3 50. g4 fxg4 51. hxg4 Nb4 52. Ra1 $16) 48. Kf1 Rc1+ 49. Kg2 Rc2 50.
Kf1 Rc1+ 51. Bd1 $1 Rxd1+ (51... Nb4 52. Rxb8 Rxd1+ 53. Ke2 Rc1 54. g4 $18) 52.
Ke2 Rh1 (52... Rc1 53. Kxd3 Bc7 54. Rxe6 Bxg3 55. Rf6 Rd1+ 56. Kc4 Rc1+ 57. Kd5
Rh1 58. Rxf5 Rxh3 59. Kc4 Bc7 60. Rf7 Ba5 61. Ra7 Ka4 62. Bc3 $18) 53. Kxd3
Bxg3 54. Kc4 Rc1+ 55. Bc3 Ka2 56. Ra6+ Kb1 57. Kb3 Rxc3+ 58. Kxc3 e5 59. Rf6 f4
60. Kd3 fxe3 61. Kxe3 Kc2 62. Rg6 Be1 63. Rg4 1-0

[Event "Dortmund-B playoff"]
[Site "Dortmund"]
[Date "2004.07.27"]
[Round "6"]
[White "Kramnik, Vladimir"]
[Black "Bologan, Viktor"]
[Result "1-0"]
[WhiteElo "2770"]
[BlackElo "2663"]
[Annotator "Stohl,I"]
[PlyCount "55"]
[EventDate "2004.07.27"]
[EventType "tourn (blitz)"]
[EventRounds "6"]
[EventCountry "GER"]
[EventCategory "18"]
[SourceTitle "CBM 103"]
[Source "ChessBase"]
[SourceDate "2004.11.11"]
[SourceVersion "1"]
[SourceVersionDate "2004.11.11"]
[SourceQuality "1"]

1. e4 c5 2. Nf3 e6 3. d4 cxd4 4. Nxd4 a6 5. c4 Nf6 6. Nc3 d6 {Although
Hedgehog set-ups are nowadays popular, in this concrete position the text-move
is hardly ideal. More active and flexible continuations are deservedly more
popular:} (6... Bb4 7. Bd3 Nc6 {or especially}) ({the main move} 6... Qc7 $5 {
Black postpones the deployment of his Bf8, it can be sometimes effectively
developed not only to e7, but also b4 or even d6.}) 7. Be2 Nbd7 $6 {While
Black's previous move was still more or less a matter of taste, this already
prematurely commits the N and allows White to use the most effective plan in
this modification of the Hedgehog.} (7... Be7 $142 {Here it's more difficult
to employ the motif from the game, e.g., after} 8. O-O O-O 9. Be3 b6 (9... Qc7
10. f3 Nbd7 11. Qd2 Re8 12. Rfc1 b6 13. a4 h5 14. a5 bxa5 15. Nb3 h4 16. Nxa5
h3 17. g3 Ne5 {Black shows a similar plan, as in the note to move 15, but his
position is already compromised.} 18. Nd1 $1 $36 (18. Na4 Bd7 19. Nb6 Rab8 20.
Nxd7 Qxd7 21. Ra2 Red8 22. b4 d5 23. exd5 Bxb4 $13 {Kovalevskaya,E-Koneru,H/
FIDE WChw Elista/2004/})) 10. a4 Bb7 11. f3 {Black can play} Nc6 $1 $132) 8.
Be3 b6 9. O-O Bb7 10. f3 Be7 11. a4 $1 ({White shouldn't hesitate with this
move:} 11. Qd2 O-O 12. a4 Rc8 13. a5 Ne5 $5 14. axb6 Nxc4 15. Bxc4 Rxc4 16. Nb3
Rb4 17. Na5 Ba8 18. Na4 Rb5 19. Nc3 Rb4 20. Na4 Rb5 21. Nc3 $11 {1/2,Adams,
M-Van Wely,L/Tilburg/1997/}) 11... O-O (11... d5 12. cxd5 exd5 13. Nf5 $16) (
11... Qb8 12. a5 Bd8 13. axb6 Bxb6 14. Na4 Ba7 15. b4 O-O 16. Qd2 Rd8 17. Rfc1
Nc5 18. Rcb1 Qc8 19. Nb3 Nxa4 20. Bxa7 Rxa7 21. Rxa4 e5 22. Qe3 Ra8 23. Na5 Bc6
24. Ra3 $16 {Izoria,Z-Tosic,M/Yerevan zt/2000/}) (11... Rc8 12. a5 Ne5 $2 13.
axb6 {/\} Nxc4 14. Qa4+ $18) 12. a5 $36 {[%csl Ra6,Rd6][%mdl 32] A very
dangerous strategic plan, White disrupts his opponent's << and creates
permanent targets for his pieces on a6 and d6.} bxa5 (12... d5 13. exd5 exd5
14. Nxd5 Bxd5 15. cxd5 Nxd5 16. Bf2 N7f6 17. Nc6 Qe8 18. Nxe7+ Qxe7 19. Bc4
Rfd8 20. Qe1 b5 21. Bb3 Qb4 22. Qxb4 Nxb4 23. Rfd1 Nd3 24. Bb6 Rd7 25. Rd2 $16
{Stohl,I-Varga,Z/CRO-chT2/1998/}) 13. Nb3 Rb8 14. Nxa5 Ba8 15. Qd2 Qc7 (15...
Re8 {is a modern wrinkle, but it can hardly substantially change the
evaluation of the position.} 16. Kh1 $5 (16. Ba7 Rc8 17. Bf2 Rb8 18. Kh1 Nc5
19. Rfb1 Rb4 $6 20. Nd1 Qb8 21. Be1 Ra4 22. Rxa4 Nxa4 23. b4 Nb6 24. Nc3 Nbd7
25. Qa2 $16 {Short,N-Cvitan,O/EU-chT Leon/2001/}) 16... Qc7 17. Rfc1 Ne5 18.
Bd4 h5 19. b4 h4 20. b5 h3 21. g3 axb5 22. cxb5 Qd8 {Agrest,E-Nisipeanu,L/
EU-chT Batumi/1999/} 23. Qd1 $1 $16 {[%csl Rh3][%cal Rd1f1] /\Qf1,><h3 Agrest})
16. Rfc1 Nc5 $6 {Losing another tempo in an inferior position puts Black on
the brink of defeat.} (16... Ne5 17. Na4 Bc6 18. b4 Bxa4 19. Rxa4 Nfd7 20. Raa1
Rfc8 21. Nb3 Ra8 22. g3 h5 23. Kg2 Qb8 24. Rab1 Nf6 25. Nd4 Qb7 26. c5 d5 27.
Bf4 Ng6 28. e5 Ne8 29. Bd3 Nxf4+ 30. gxf4 $1 $40 {Ivanchuk,V-Adams,M/Dortmund/
1992/}) ({Better is the patient} 16... Rfc8 $142 $14 {, when White shouldn't
be too impetuous:} 17. b4 d5 $5 18. Nxd5 exd5 19. cxd5 Qd6 20. Nc6 Bxc6 21.
Rxa6 Qxb4 22. Qxb4 Rxb4 23. dxc6 Nf8 24. c7 Ne8 25. Bf4 g5 26. Bg3 Nxc7 {
Cvetkovic,S-Cabrilo,G/Igalo/1994/} 27. Rac6 Nfe6 28. Bc4 Nf4 29. Ba6 $44 {/=})
17. b4 $1 Ncd7 (17... Rxb4 18. Nb5 axb5 19. Qxb4 bxc4 20. Nxc4 Nfd7 21. Qa5
Qxa5 22. Nxa5 f5 23. exf5 Rxf5 24. Nb3 $16 {/+/=,Ibragimov,I-Ermenkov,E/Chania/
1993/ Sacrificing the exchange perhaps gives Black more chances to fight for a
draw, but with good technique White should convert his advantage-the position
still isn't too simplified to create -> chances.}) 18. b5 $5 {[%csl Rd6]
Kramnik flexibly changes his plan and doesn't play against the ><a6 anymore.
Black's misplaced forces (e.g. Ba8) offer him a welcome opportunity to use the
b5-square and decisively increase his pressure against d6.} ({Black is in
trouble even if White quietly improves his position with} 18. Na4 Rfd8 19. Qe1
Re8 20. Rab1 Bd8 21. Kh1 h6 22. Qd2 Ne5 23. Bf1 g5 24. Bd4 Ng6 25. Qe3 Nd7 26.
c5 $1 dxc5 27. Nxc5 Nxc5 28. Bxc5 Qe5 29. Nc4 $16 {Doettling,F-Vuckovic,A/
Bundesliga 0304/2004/}) ({However, White has also an effective tactical
solution:} 18. Nd5 $1 exd5 (18... Qd8 19. Nxe7+ Qxe7 20. Bf4 e5 21. Be3 h6 22.
Rd1 Ne8 23. c5 $18 {Rausis,I-Freckmann,M/Baden-Baden/1993/}) 19. cxd5 Qd8 20.
Nc6 Qe8 21. Rxa6 $5 $16) 18... Nc5 $8 (18... axb5 19. Nxb5 Qd8 20. Nxd6 $16)
19. bxa6 $1 Nxa6 $2 {Very natural, even more so in a blitz game. However, now
White will gain more time by attacking the unprotected N and Black's defence
will collapse.} ({The last chance to resist was the tactical} 19... Qb6 $142 $5
20. a7 (20. Nb5 Qxa6 21. Rd1 $14) 20... Qxa7 21. Nc6 Qb7 22. Nxe7+ (22. Nxb8
Nb3 23. Qc2 Nxc1 24. Qxc1 Qxb8 $8 25. Ra7 $36) 22... Qxe7 23. Rcb1 $36 {/\} Nb3
$2 24. Rxa8 $1 $18) 20. Nb5 Qd7 (20... Qd8 21. Nb3 Bb7 (21... Nc5 22. Nxc5 dxc5
23. Qxd8 Rfxd8 24. Ra7 $16) 22. Rd1 $16) 21. Nb3 Bb7 (21... Nc7 22. Ra7 (22. e5
$6 dxe5 $1 $13) 22... Rfc8 (22... Rb7 23. Rxb7 Bxb7 24. e5 $1 $18) 23. Rca1 $16
(23. Bf4 $16)) 22. Rd1 Rfd8 ({Slightly better, but insufficient to save the
game was} 22... Qc8 23. Nxd6 (23. Na5 $5 $16) 23... Bxd6 24. Qxd6 Bxe4 25. Nd4
$1 $40) 23. Ba7 $1 Ra8 24. Bb6 $18 Rdb8 25. Nxd6 $6 ({An cleaner solution was} 
25. c5 $1 {/\} d5 26. e5 Ne8 27. N3d4 $18) (25. e5 Qc6 $1 26. Ba7 $16) 25...
Bxe4 $2 {Now the tactics work for White.} (25... Bd5 26. Bd4 $5 Bxd6 (26...
Qxd6 $2 27. e5 $18) 27. cxd5 Rxb3 28. Rxa6 $16) (25... Bxd6 $142 26. Qxd6 Qxd6
27. Rxd6 Ne8 $1 28. Rd2 (28. Rdd1 Bc6 $5 (28... Bxe4 29. c5 Bc2 30. Rdc1 Bxb3
31. Bxa6 $16) 29. c5 Nxc5 30. Rxa8 Bxa8 31. Bxc5 Rxb3 32. Rd8 Bc6 $14) (28. Rd3
Bxe4 29. fxe4 Rxb6 30. c5 Rbb8 $14) 28... Bxe4 29. fxe4 Rxb6 30. Nc5 Rc6 31.
Nd7 $5 $36) 26. Nxe4 Qxd2 27. Nexd2 Rxb6 28. c5 $1 (28. c5 Rc6 29. Bb5 $18 {
nets White at least a piece.}) 1-0

[Event "Dortmund final"]
[Site "Dortmund"]
[Date "2004.07.29"]
[Round "1.1"]
[White "Kramnik, Vladimir"]
[Black "Svidler, Peter"]
[Result "1/2-1/2"]
[WhiteElo "2770"]
[BlackElo "2727"]
[Annotator "Krasenkow,M"]
[PlyCount "89"]
[EventDate "2004.07.29"]
[EventType "k.o."]
[EventRounds "4"]
[EventCountry "GER"]
[SourceTitle "CBM 103"]
[Source "ChessBase"]
[SourceDate "2004.11.11"]
[SourceVersion "1"]
[SourceVersionDate "2004.11.11"]
[SourceQuality "1"]

1. d4 Nf6 2. c4 g6 3. Nc3 d5 4. cxd5 Nxd5 5. e4 Nxc3 6. bxc3 Bg7 7. Be3 c5 8.
Rc1 Qa5 9. Qd2 O-O 10. Nf3 cxd4 11. cxd4 Qxd2+ 12. Nxd2 Rd8 13. Nf3 $5 {
A relatively new idea. White aims to a well-known theoretical position but
with a very important difference...} (13. Nb3) (13. Bb5) 13... Nc6 (13... Bg4
$5 {needs further tests. Here is one game:} 14. d5 Nd7 15. Nd4 Nb6 16. Nb5 Rdc8
17. Rxc8+ Rxc8 18. Be2 (18. f3 Bd7 19. Nxa7 Rc2 $1 20. Bxb6 Ba4 $1 $40) (18. h3
Bd7 19. Nxa7 Rc2 $40) 18... Bd7 19. O-O Rc2 20. Bd3 Rxa2 21. Nxa7 Na4 22. Nb5
Rb2 23. Rc1 f5 24. Nc7 fxe4 25. Bxe4 Nc3 26. Bf3 b5 27. Ne6 Bxe6 28. dxe6 b4
29. h4 b3 30. h5 Ra2 31. hxg6 b2 32. gxh7+ Kh8 {0-1 San Segundo Carrillo,
P-Mamedyarov,S/Leon 2001/CBM 86 (32).}) 14. d5 {Here it is! Normally this
position arises after the move sequence Kxd2 and Ke1. In the present game,
however, White has kept his right to castle!} Na5 15. Bg5 Bd7 16. Bd3 Rdc8 (
16... f5 {now looks too risky.}) 17. O-O {This is the difference; however,
Black defends well.} e6 18. Bd2 b6 19. Ba6 Rd8 {[%csl Rd5] It is essential for
Black to keep both pairs of rooks to have the a7 pawn and the 8th rank under
control.} 20. d6 e5 $1 {[%csl Rd6][%cal Yd7e6,Yd7e8]} 21. Bxa5 (21. Rc7 Be6 (
21... Bf8 $2 22. Bg5) 22. Bb4 Bxa2) 21... bxa5 22. Bb7 Rab8 23. Bd5 Be8 24. Rc7
Rxd6 25. Rxa7 a4 $11 {The position has equalised: Black's bishop pair is
compensated by White's more active pieces.} 26. h4 Rd7 27. Rxd7 Bxd7 28. Rc1
Bf6 (28... Rc8 $2 29. Rxc8+ Bxc8 30. Ng5) 29. Rc7 Be8 30. Ra7 h5 31. g3 Kf8 32.
Ng5 Bxg5 33. hxg5 Rc8 34. Kg2 Rc3 35. Rb7 Rc2 36. Kf3 Rc3+ 37. Ke2 Rc2+ 38. Ke3
Rc3+ 39. Kd2 Rf3 40. Ke2 Rc3 41. Ra7 Rc2+ 42. Kf3 Rc3+ 43. Kg2 Rc2 44. Rb7 Rc3
45. Ra7 1/2-1/2